| 000 | 00440nam a2200169 a 4500 | ||
|---|---|---|---|
| 005 | 20140412111316.0 | ||
| 008 | 010323s19uu xx 00 eng d | ||
| 020 | _a0-7323-2539-0 | ||
| 050 |
_aER _bPo75 1995 |
||
| 245 | _aPocahontas: the new world. | ||
| 260 |
_aAustralia : _bReed for Kids, _c[n.d.] |
||
| 300 | _a1 v. (unp.) ; ill. | ||
| 440 | _aDisney | ||
| 650 | _aChildren stories | ||
| 650 | _aForest - Fiction | ||
| 999 |
_c104218 _d104218 |
||